University Home | Library Home | Institutional Repository

The deathbringer: (Record no. 158439)

MARC details
000 -LEADER
fixed length control field 00864cam5a220026500 4500
001 - CONTROL NUMBER
control field lce00806418
008 - FIXED-LENGTH DATA ELEMENTS--GENERAL INFORMATION
fixed length control field 720713s1971 enk 000 1 eng
010 ## - LIBRARY OF CONGRESS CONTROL NUMBER
LC control number 72181345 //r83
015 ## - NATIONAL BIBLIOGRAPHY NUMBER
National bibliography number B71-26066
020 ## - INTERNATIONAL STANDARD BOOK NUMBER
International Standard Book Number 0714508071
-- 0714508764 (pbk)
020 ## - INTERNATIONAL STANDARD BOOK NUMBER
Terms of availability L.2.50
035 ## - SYSTEM CONTROL NUMBER
System control number (Sirsi) r16664
035 ## - SYSTEM CONTROL NUMBER
System control number (DLC) 72181345 //r83
035 ## - SYSTEM CONTROL NUMBER
System control number (UPRA)lce00806418
041 1# - LANGUAGE CODE
Language code of text/sound track or separate title eng ger
Language code of original eng ger
050 0# - LIBRARY OF CONGRESS CALL NUMBER
Classification number PZ4.C7585
Item number De3
Classification number PT2663.O53
082 ## - DEWEY DECIMAL CLASSIFICATION NUMBER
Classification number 833/.9/14
100 1# - MAIN ENTRY--PERSONAL NAME
Personal name Conta, Manfred von, 1931-
Dates associated with a name Conta, Manfred von, 1931-
Linkage A74195.1
240 10 - UNIFORM TITLE
Uniform title Totmacher. English
Language of a work Totmacher. English
245 14 - TITLE STATEMENT
Title The deathbringer:
Remainder of title a novel;
Statement of responsibility, etc. translated from the German by Eva Figes.
260 ## - PUBLICATION, DISTRIBUTION, ETC.
Place of publication, distribution, etc. London,
Name of publisher, distributor, etc. Calder and Boyars,
Date of publication, distribution, etc. 1971.
500 ## - GENERAL NOTE
General note Translation of Der Totmacher.
949 ## - LOCAL PROCESSING INFORMATION (OCLC)
a PZ4.C7585
w lcc
i -11686
m MAIN
t BOOK
l ON-SHELF

No items available.

© 2026 - The University of Zambia Library - Koha v25.11